Countries With Polar Bears Quiz Stats

 Plays Quiz Updated Jan 11, 2019

     
Support Sporcle.
Go Orange.
Score 0/5 Timer 01:00
0 Plays Today
% Correct
Canada
97.1%
Russia
96.9%
United States
92.2%
Norway
90.2%
Denmark (inc. Greenland)
90.2%

From the Vault

Fancier Names For Food

by JoeBeta

"A food by any other name would taste as sweet ... or not." - William Shakespeare (or not)
Remove Ads.
Support Sporcle.
Get the best of Sporcle when you Go Orange. This ad-free experience offers more features, more stats, and more fun while also helping to support Sporcle. Thank you for becoming a member.

Show Comments

Extras

Top Quizzes Today


Score Distribution

Your Account Isn't Verified!

In order to create a playlist on Sporcle, you need to verify the email address you used during registration. Go to your Sporcle Settings to finish the process.

Report this User

Report this user for behavior that violates our Community Guidelines.

Details: